000 02140cam a22003618i 4500
001 17987144
003 USPCAS-E
005 20180118181411.0
008 140103s2014 mnu b 001 0 eng
010 _a 2013048478
020 _a9780971977983 (paperback)
040 _aDLC
_beng
_cDLC
_erda
042 _apcc
050 0 0 _aTK3271
_b.R48 2014
082 0 0 _a621.31924
_223
_bHAR-P 2014
084 _aTEC007000
_2bisacsh
100 1 _aHartwell, Frederic P.,
_eauthor.
245 1 0 _aPractical electrical wiring :
_bresidential, farm, commercial, and industrial /
_cFrederic P. Hartwell, Herbert P. Richter ; with a foreword by Wilford "Bill" Summers.
250 _a22nd edition.
263 _a1403
300 _apages cm
500 _a"Based on the 2014 National Electrical Code."
502 _a0
504 _aIncludes bibliographical references and index.
520 _a"Comprehensive and detailed, this reference presents the critical revisions in technical topics driven by emerging technology and building-code changes. Starting with a basic overview of the National Electrical Code and its enforcement, this handbook reviews the theory and practice of installing electrical wiring. The guidelines provide an essential context for understanding the major industry segments--residential, farm, commercial, and industrial--and the techniques that help to prevent or solve all wiring problems. A wealth of tips and handy tricks offered in a professional, down-to-earth style make this a favorite on-the-job resource. Professional practitioners, students and apprentices, and those seeking more information on performing electrical work at home will find everything they need to know about the wiring trade in this handy volume"--
650 0 _aElectric wiring, Interior.
650 7 _aTECHNOLOGY & ENGINEERING / Electrical.
_2bisacsh
700 1 _aRichter, H. P.
_q(Herbert P.),
_d1900-1978,
_eauthor.
700 1 _aSummers, Wilford I.,
_ewriter of supplementary textual content.
906 _a7
_bcbc
_corignew
_d1
_eecip
_f20
_gy-gencatlg
942 _2ddc
_cBK
999 _c355730
_d355730